000 01656cam a22003851i 4500
003 SA-RiAUC
005 20241002082255.0
008 240924s2001 su g b 00000 ara c
020 _a9960207285
020 _a9960207293
020 _a9960207307
040 _aSA-RiAUC
_bara
_cSA-RiAUC
_erda
082 0 4 _a231.1
_qSA-RiAUC
090 _a231.1
_bا ب ن ح
100 1 _aابن حبيب، عبد الملك بن حبيب بن سليمان،
_d174-238 هجري
_eمؤلف.
245 1 0 _aتفسير غريب الموطأ /
_cتأليف عبد الملك بن حبيب السلمي الأندلسي ؛ حققه وقدم له عبد الرحمن بن سليمان العثيمين.
250 _aالطبعة الأولى.
264 1 _aالرياض :
_bمكتبة العبيكان،
_c2001
300 _a2 مجلد (456، 323 صفحة ) ؛
_c24 سم
336 _aنص
_btxt
_2rdacontent
_3كتاب
337 _aبدون وسيط
_bn
_2rdamedia
338 _aمجلد
_bnc
_2rdacarrier
504 _aببليوجرافية : مجلد 2، صفحة 299-320.
650 7 _aالحديث
_xأحكام
_2aucsh
650 7 _aالحديث
_xتفاسير
_2aucsh
650 7 _aالحديث
_xشرح
_2aucsh
650 7 _aالحديث
_xالمسانيد
_2aucsh
650 7 _aالفقه المالكي
_2aucsh
650 7 _aالحديث
_xجمع وتدوين
_2aucsh
700 1 _aالعثيمين، عبد الرحمن بن سليمان بن محمد
_eمحقق.
700 1 2 _aالإمام مالك، مالك بن أنس بن مالك،
_d93-179 هجري
740 2 2 _aالموطأ.
942 _2ddc
_cBOOK
_n0
949 _aSA-JeALM
_d240924
_umohamedma123
_n1
999 _c780
_d780